000 00499cam a2200157u 4500
082 _a621.3
_bTHE
_cL-9, P-74
100 1 _aTheraja, B. L. [from old catalog]
_941231
245 1 0 _aAdvanced problems in electrical engineering for the examinations of B. Sc.
_b(Engg.);
250 _a3rd ed.]
260 _aNew Delhi,
_bTech India Publications
_c1977
300 _ap475. cm.
526 _a0
_b0
_c0
_d621_300000000000000_THE
650 0 _aElectrical engineering
650 0 _aMCE
_9379
942 _2ddc
_cBK
999 _c545397
_d545397